000 00296nam a22001337a 4500
008 181030b xxu||||| |||| 00| 0 eng d
020 _a9780631215219
041 _aeng
080 _23rd
_a101
100 _a24
101 _aFIL
245 _aReformation Thought
_cMcGrath, A.E
942 _2udc
_cBK
999 _c51133
_d51133